| 000 | 00875 a2200253 4500 | ||
|---|---|---|---|
| 020 | _a0007158009 (pbk. with CD-ROM) | ||
| 020 | _a0007157991 (hbk. with CD-ROM) | ||
| 020 | _a0007683944 (pbk. w/out CD-ROM) | ||
| 020 | _a0007683952 (hbk. w/out CD-ROM) | ||
| 040 |
_aDLC _bDLC |
||
| 082 | 0 | 4 | _a423 |
| 245 | 0 | 0 |
_aCollins COBUILD advanced learner's English dictionary _cCollins Cobuild |
| 246 | 3 | _aAdvanced learner's English dictionary | |
| 250 | _a4th ed. | ||
| 260 |
_aGlasgow : _bHarperCollinsPublishers, _c2003. |
||
| 300 |
_axxiv, 1712, 32 p. : _bcol. ill. ; _c25 cm. + _e1 computer optical disc (4 3/4 in.) |
||
| 490 | 1 | _aCollins COBUILD | |
| 500 | _aTitle page: The University of Birmingham, Collins COBUILD. | ||
| 650 | 0 | _aEnglish language | |
| 710 | 2 | _aUniversity of Birmingham. | |
| 710 | 2 | _aCOBUILD. | |
| 830 | 0 | _aCOBUILD series. | |
| 942 |
_cBK _k423 COL _2ddc |
||
| 999 |
_c4780 _d4780 |
||